000 00718nam a2200205Ia 4500
999 _c39514
_d39514
001 6110
003 GE_BSU
005 20190919143315.0
008 181216s1971||||ge |||||||||||||| ||geo||
040 _cGE_BSU
041 _ageo
080 _a821.353.1-1 ა-87
100 _aასათიანი, ლადო
_94107
245 _aრჩეული /
_cლადო ასათიანი ; რედ. დ. ივარდავა.
264 _aთბილისი :
_bსაბჭოთა საქართველო ;
_c1971.
300 _a196 გვ. ;
_c17 სმ.
653 _aრჩეული
700 _aივარდავა, დ.
_eრედაქტორი
_93755
942 _cBK
_2udc